00741nam a2200145Ia 4500008004100000020001800041082002000059245017400079260008000253300001100333440006400344650007600408952009400484999001700578120622s9999 xx 000 0 und d a968-427-186-7 a322.30972 R329r aLa reestructuración industrial en México : cinco aspectos fundamentales / Marco A. Gómez Solórzano, Josefina Morales, Francisco Javier Vidal Bonifaz... [ et al.] aMéxico : UNAM, Instituto de Investigaciones Económicas ; Nuestro Tiempo a206 p. aLa estructura económica y social de México \ Desarrollo a1. ORGANIZACION INDUSTRIAL - MEXICO \ 2. INDUSTRIA Y ESTADO - MEXICOÌ 00104070a01b01d2007-01-25l0o322.30972 R329Rp01 003094r2012-06-24w2012-06-24yLB c55451d55451